书目信息 |
| 题名: |
模具设计及计算机应用
|
|
| 作者: | 夏琴香 , 袁宁 编著 | |
| 分册: | ||
| 出版信息: | 广州 华南理工大学出版社 2008.02 |
|
| 页数: | 421页 | |
| 开本: | 26cm | |
| 丛书名: | ||
| 单 册: | ||
| 中图分类: | TG76-39 | |
| 科图分类: | ||
| 主题词: | 模具--mo ju--计算机辅助设计 | |
| 电子资源: | ||
| ISBN: | 978-7-5623-2705-9 | |
| 000 | 00914nam0 2200253 450 | |
| 001 | 012009455593 | |
| 005 | 20090518114852.07 | |
| 010 | @a978-7-5623-2705-9@dCNY42.00 | |
| 100 | @a20090518d2008 em y0chiy0120 ea | |
| 101 | 0 | @achi |
| 102 | @aCN@b440000 | |
| 105 | @aak a 000yy | |
| 106 | @ar | |
| 200 | 1 | @a模具设计及计算机应用@Amo ju she ji ji ji suan ji ying yong@f夏琴香, 袁宁编著@Fxia qin xiang,yuan ning bian zhu |
| 210 | @a广州@c华南理工大学出版社@d2008.02 | |
| 215 | @a421页@c图@d26cm | |
| 320 | @a有书目 (第419-421页) | |
| 330 | @a本书融合“金属塑性成型原理”“冲压成型工艺及模具设计”和“塑料成型工艺及模具设计”三大课程内容为一体,是为适应新的专业培养目标和教学要求而设计的。 | |
| 606 | 0 | @a模具@Amo ju@x计算机辅助设计 |
| 690 | @aTG76-39@v4 | |
| 701 | 0 | @a夏琴香@Axia qin xiang@4编著 |
| 701 | 0 | @a袁宁@Ayuan ning@4编著 |
| 801 | 0 | @aCN@bQSSK@c20090518 |
| 905 | @b743092-94@dTG76-39@eX199@f3 | |
| 模具设计及计算机应用/夏琴香, 袁宁编著.-广州:华南理工大学出版社,2008.02 |
| 421页:图;26cm |
| ISBN 978-7-5623-2705-9:CNY42.00 |
| 本书融合“金属塑性成型原理”“冲压成型工艺及模具设计”和“塑料成型工艺及模具设计”三大课程内容为一体,是为适应新的专业培养目标和教学要求而设计的。 |
| ● |
| 相关链接 |
|
|
|
正题名:模具设计及计算机应用
索取号:TG76-39/X199
 
预约/预借
| 序号 | 登录号 | 条形码 | 馆藏地/架位号 | 状态 | 备注 |
| 1 | 743092 | 207430920 | 自科库501/501自科库 29排3列5层/ [索取号:TG76-39/X199] | 在馆 | |
| 2 | 743093 | 207430939 | 自科库501/501自科库 29排3列5层/ [索取号:TG76-39/X199] | 在馆 | |
| 3 | 743094 | 207430948 | 自科库501/501自科库 29排3列5层/ [索取号:TG76-39/X199] | 在馆 |